Представление документа в формате RUSMARC

ПолеНазваниеЗначение
  Тип записи a
  Библиографический уровень c
001 Контрольный номер RU/IS/BASE/352217726
005 Дата корректировки 20201206204756.7
010 Индекс ISBN __
a ISBN 978-5-699-44646-9
d Цена 161-04
101 Язык документа __
a Язык текста rus
c Язык оригинала rus
200 Заглавие и сведения об ответственности 1_
a Заглавие Воскресение
e Сведения, относящиеся к заглавию роман, повести, рассказы
f Первые сведения об ответственности Лев Толстой
b Общее обозначение материала Текст
210 Выходные данные __
a Место издания М.
c Издательство ЭКСМО
d Дата издания 2010
215 Физическое описание __
a Объем 637, [3] с., [1] л. портр.
225 Серия __
a Серия Русская классика
327 Примечание о содержании __
a Примечание о содержании После бала
327 Примечание о содержании __
a Примечание о содержании Ассирийский царь Асархадон
327 Примечание о содержании __
a Примечание о содержании Хаджи-Мурат
327 Примечание о содержании __
a Примечание о содержании Фальшивый купон
327 Примечание о содержании __
a Примечание о содержании Алеша Горшок
327 Примечание о содержании __
a Примечание о содержании Корней Васильев
327 Примечание о содержании __
a Примечание о содержании Ягоды
330 Аннотация __
a Аннотация Один из самых "обличительных" романов Л. Толстого. Горькую историю Катюши Масловой, главной героини романа, автор раскрывает на фоне чудовищной несправедливой системы судопроизводства. То, что произошло с Катюшей, происходило и происходит, к сожалению, во все времена. Наряду с романов в книгу вошли наиболее известные повести и рассказы писателя.
606 Тематические рубрики __
a Основная рубрика Художественная литература
606 Тематические рубрики __
a Основная рубрика Русская литература XIX в. (произведения)
610 Ключевые слова __
a Ключевые слова повести; романы; рассказы; тема нравственности; тема войны; тема деревни; тема Кавказа; тема женщины; тема убийств; тема раскаяния; тема любви; тема общества; тема человека; тема души; русская классическая литература; русская классика; классическая литература; Катюша Маслова; литературные герои; литературные персонажи
686 Индексы других классификаций __
a Классификационный индекс 84(2=411.2)52-4
700 Автор _1
a Фамилия Толстой
b Имя Л. Н.
g Полное личное имя Лев Николаевич
4 Код отношения 070
801 Источник записи _0
a Страна RU
b Организация Муниципальное бюджетное учреждение культуры "Централизованная библиотечная система" г. Сургут (Центральная городская библиотека им. А. С. Пушкина)
g Правила каталогизации КиК/Лукашук
801 Источник записи _1
a Страна RU
b Организация Муниципальное бюджетное учреждение культуры "Централизованная библиотечная система" г. Сургут (Центральная городская библиотека им. А. С. Пушкина)
g Правила каталогизации КиК/Лукашук
852 Данные о местонахождении __
j Шифр хранения 84(2=411.2)52-4
i Авторский знак Т 52
901 Тип документа __
t Тип документа x
903 Характеристики (МАРС) __
a Дата передачи 20110228
969 Тип издания __
a Тип издания сборник
990 Данные о заказе (DOS) __
j Количество экземпляров (DOS) 1
t N записи в КСУ для И/У (DOS) 201104